Statistieken voor 76 Nederlandse verkeersborden Quiz! - Site4Cars

Klik hier om de quiz te nemen!

Algemene statistieken

  • Deze quiz is 143 keer genomen
  • De gemiddelde score is 28 van 76

Antwoordstatistieken

Antwoord% Correct
Maximumsnelheid
90%
Autosnelweg
74%
Stoplichten
74%
Taxistandplaats
74%
Maximumsnelheid op een elektronisch signlaringsbord
66%
Verplichte rijrichting rotonde
62%
Adviessnelheid
61%
Einde rijstrook (invoegen)
61%
Verkeerstunnel
57%
Voorrangsweg
56%
Doodlopende weg
53%
Voetgangers oversteekplaats
53%
Einde voorrangsweg
52%
Parkeerplaats voor auto's
52%
Overweg met enkel spoor
51%
Stopbord
51%
Einde autosnelweg
50%
Onverplicht fietspad
49%
Voetpad
49%
Parkeergelegenheid voor vergunninghouders
48%
Verplicht fietspad
48%
Rijbaanversmalling
47%
Ruiterpad
47%
Werk in uitvoering
47%
Gesloten voor motorvoertuigen op meer dan twee wielen
46%
Woonerf
46%
Einde adviessnelheid
45%
Verkeersdrempel
45%
Eenrichtingsweg vanaf deze kant gesloten
44%
Gesloten voor voertuigen die niet aan de milieu eisen voldoen
44%
Parkeergelegenheid voor overstappers op openbaar vervoer
42%
Bebouwde kom
41%
Laagvliegende vliegtuigen
41%
Einde inhaalverbod voor vrachtwagens
40%
Keerverbod
40%
Verbod om motorvoertuigen in te halen
38%
Parkeerverbod
37%
Eenrichtingsweg
36%
Gesloten voor vrachtwagens
36%
Einde fiets/bromfietspad
34%
Gesloten in beide richtingen
34%
Gesloten voor fietsers, bromfietsers en gehandicaptenvoertuigen
34%
Kade of rivieroever
34%
Gesloten voor voertuigen die hoger zijn dan op het bord is aangegeven
32%
Slecht zicht door sneeuw, regen of mist
32%
Gesloten voor voertuigen die breder zijn dan op het bord staat aangegeven
29%
Gevaarlijk kruispunt
28%
Verbod om stil te staan
28%
Spitsstrook open
27%
Bestuurder moet voorrang verlenen aan de tegenligger
26%
Einde maximumsnelheid
26%
Spitsstrook vrijmaken
26%
Einde bus en/of trambaan
25%
Gesloten voor autobussen en vrachtwagens
25%
Route voor vervoer met gevaarlijke stoffen
24%
Gebod om bord te passeren aan de kant die de pijl aangeeft
23%
Gesloten voor motorfietsen
23%
Gesloten voor voertuigen zwaarder dan massa op het bord
23%
Bushalte
22%
Einde van alle verboden
21%
Rijbaan voor vrachtauto's en lijnbussen
21%
Eenrichtingsweg
20%
Einde spitsstrook
20%
Slecht wegdek
19%
Losliggende stenen
17%
Overweg zonder slagbomen
16%
Gesloten voor voertuigen die langer zijn dan op het bord is aangegeven
14%
Vluchthaven
14%
Voorrangskruispunt
12%
Stopbord
11%
Zijwind
10%
Gesloten voor voertuigen met gevaarlijke stoffen
9%
Verleen voorrang aan alle bestuurders op kruisende weg
9%
Bestuurder uit tegengestelde richting moet voorrang verlenen
3%
Verplicht gebruik van passeerstrook door voertuigen die langzamer rijden dan 25km/h
3%
Inrijden toegestaan
1%

Scoreverdeling

Percentiel versus Aantal Correcte Antwoorden

Procent van Mensen met Elke Score

Uw Scoregeschiedenis

U heeft deze quiz nog niet genomen